NFL Super Bowl Sieger - Statistiken

Allgemein
  • Dieses Quiz wurde 6.560 mal gespielt
    1.037 seit der letzten Aktualisierung
  • Das Durchschnittsergebnis liegt bei 46 aus 60
Antwortstatistiken
Super Bowl Sieger Gegner Ergebnis % Korrekt
IV (1970) Kansas City Chiefs Minnesota 23:7
94%
LIV (2020) Kansas City Chiefs San Francisco 31:20
94%
LVII (2023) Kansas City Chiefs Philadelphia 38:35
94%
LVIII (2024) Kansas City Chiefs San Francisco 25:22
94%
XXXVI (2002) New England Patriots St. Louis 20:17
93%
XXXVIII (2004) New England Patriots Carolina 32:29
93%
XXXIX (2005) New England Patriots Philadelphia 24:21
93%
XLIX (2015) New England Patriots Seattle 28:24
93%
LI (2017) New England Patriots Atlanta 34:28 OT
93%
LIII (2019) New England Patriots Los Angeles 13:3
93%
XLVIII (2014) Seattle Seahawks Denver 43:8
86%
LX (2026) Seattle Seahawks New England 29:13
86%
LII (2018) Philadelphia Eagles New England 41:33
81%
LIX (2025) Philadelphia Eagles Kansas City 40:22
81%
LVI (2022) Los Angeles Rams Cincinnati 23:20
80%
XVI (1982) San Francisco 49ers Cincinnati 26:21
79%
XIX (1985) San Francisco 49ers Miami 38:16
79%
XXIII (1989) San Francisco 49ers Cincinnati 20:16
79%
XXIV (1990) San Francisco 49ers Denver 55:10
79%
XXIX (1995) San Francisco 49ers San Diego 49:26
79%
XXXII (1998) Denver Broncos Green Bay 31:24
77%
XXXIII (1999) Denver Broncos Atlanta 34:19
77%
50 (2016) Denver Broncos Carolina 24:10
77%
I (1967) Green Bay Packers Kansas City 35:10
77%
II (1968) Green Bay Packers Oakland 33:14
77%
XXXI (1997) Green Bay Packers New England 35:21
77%
XLV (2011) Green Bay Packers Pittsburgh 31:25
77%
XXXIV (2000) St. Louis Rams Tennessee 23:16
77%
VII (1973) Miami Dolphins Washington 14:7
76%
VIII (1974) Miami Dolphins Minnesota 24:7
76%
VI (1972) Dallas Cowboys Miami 24:3
74%
XII (1978) Dallas Cowboys Denver 27:10
74%
XXVII (1993) Dallas Cowboys Buffalo 52:17
74%
XXVIII (1994) Dallas Cowboys Buffalo 30:13
74%
XXX (1996) Dallas Cowboys Pittsburgh 27:17
74%
IX (1975) Pittsburgh Steelers Minnesota 16:6
73%
X (1976) Pittsburgh Steelers Dallas 21:17
73%
XIII (1979) Pittsburgh Steelers Dallas 35:31
73%
XIV (1980) Pittsburgh Steelers Los Angeles 31:19
73%
XL (2006) Pittsburgh Steelers Seattle 21:10
73%
XLIII (2009) Pittsburgh Steelers Arizona 27:23
73%
XXXV (2001) Baltimore Ravens New York 34:7
70%
XLVII (2013) Baltimore Ravens San Francisco 34:31
70%
XXI (1987) New York Giants Denver 39:20
70%
XXV (1991) New York GIants Buffalo 20:19
70%
XLII (2008) New York Giants New England 17:14
70%
XLVI (2012) New York Giants New England 21:17
70%
III (1969) New York Jets Baltimore 16:7
67%
XI (1977) Oakland Raiders Minnesota 32:14
67%
XV (1981) Oakland Raiders Philadelphia 27:10
67%
XXXVII (2003) Tampa Bay Buccaneers Oakland 48:21
67%
LV (2021) Tampa Bay Buccaneers Kansas City 31:9
67%
XX (1986) Chicago Bears New England 46:10
65%
XVIII (1984) Los Angeles Raiders Washington 38:9
65%
XLI (2007) Indianapolis Colts Chicago 29:17
64%
XVII (1983) Washington Redskins Miami 27:17
64%
XXII (1988) Washington Redskins Denver 42:10
64%
XXVI (1992) Washington Redskins Buffalo 37:24
64%
V (1971) Baltimore Colts Dallas 16:13
63%
XLIV (2010) New Orleans Saints Indianapolis 31:17
53%
Keine übereinstimmenden Quizze gefunden
Verteilung der Resultate
Anzahl Personen mit jedem Resultat
Perzentil nach korrekt beantworteten Fragen
Ihre Resultats-Entwicklung
Sie haben dieses Quiz seit der letzten Aktualisierung nicht gespielt